00772nam a22001937a 4500003000900000008004100009020002100050040007100071082001500142100002200157245008700179260004600266300004400312505013400356650002600490650001500516650003200531650001500563AR-CdUCM190315b ||||| |||| 00| 0 spa d a978-14031-4477-5 aMUNICIPALIDAD PROVINCIAL DEL CUSCOcBIBLIOTECA MUNICIPAL DEL CUSCO a080 /bH85 aHubbard, Ronal L. aLos problemas del trabajo :bScientology aplicada al mundo del trabajo cotidiano / aCalifornia :bBridge publications,c2007. a197 paginas ;bIlustraciones,c24.5 cm. aDe que depende conservar un empleo -- Como manejar las confusiones del mundo del trabajo cotidiano -- Es necesario el trabajo ... aProblemas del trabajo aEficiencia aMundo del trabajo cotidiano aReligión